| 000 | 01287nam0a2200361 4500 | ||
|---|---|---|---|
| 001 | RU\NLR\BIBL_A\022089633 | ||
| 005 | 20231226132356.0 | ||
| 010 |
_a978-5-90604-125-8 _91000 |
||
| 021 |
_aRU _bКН-П-23-069034 _9КН-П-23-7013 |
||
| 035 | _a(NLR Aleph) 022089633 | ||
| 035 | _a(RuMoRGB)012266948 | ||
| 090 |
_a12713297 _c12713297 |
||
| 100 | _a20231206d2023 u y0rusy50 ca | ||
| 101 | 0 | _arus | |
| 102 | _aRU | ||
| 105 | _aa z 000fy | ||
| 181 | 0 |
_ai _baxxe |
|
| 182 | 0 | _an | |
| 200 | 1 |
_aЕсли б не дети _e[сборник рассказов] _fСергей Софенко |
|
| 203 |
_aТекст _bвизуальный _cнепосредственный |
||
| 210 |
_aЯрославль _cАкадемия 76 _d2023 |
||
| 215 |
_a86, [1] с. _cил. _d22 |
||
| 300 | _aНа 4-й с. обл. авт.: Софенко С. А., учитель | ||
| 300 | _aСодержит нецензур. брань | ||
| 333 | _a18+ | ||
| 675 |
_a371.14 _v4 |
||
| 686 | 2 | _aШ6(2=Р)8-440.5 | |
| 700 | 1 |
_aСофенко _bС. А. _gСергей Алексеевич |
|
| 942 | _cBOOK | ||
| 980 | _aNB | ||